| 000 -LEADER |
| fixed length control field |
00763cam a2200229Ia 4500 |
| 020 ## - INTERNATIONAL STANDARD BOOK NUMBER |
| ISBN |
0934519013 |
| 040 ## - CATALOGING SOURCE |
| Transcribing agency |
WIX |
| 082 ## - DEWEY DECIMAL CLASSIFICATION NUMBER |
| Classification number |
634 ICR 1987 A036 Co. |
| 245 00 - TITLE STATEMENT |
| Title |
Land, trees and tenure : |
| Remainder of title |
proceedings of an international workshop on tenure issues in agroforestry, Nairobi, May 27-31, 1985 / |
| 260 ## - PUBLICATION, DISTRIBUTION, ETC. (IMPRINT) |
| Place of publication |
Nairobi : |
| Name of publisher |
ICRAF ; |
| Place of publication |
Madison : |
| Name of publisher |
Land Tenure Center, |
| Year of publication |
1987 |
| 300 ## - PHYSICAL DESCRIPTION |
| Number of Pages |
x, 412 p. : |
| Other physical details |
ill. ; |
| Dimensions |
23 cm |
| 650 #0 - SUBJECT ADDED ENTRY--TOPICAL TERM |
| Topical Term |
Land tenure |
| 650 #0 - SUBJECT ADDED ENTRY--TOPICAL TERM |
| Topical Term |
Agroforestry |
| 650 #0 - SUBJECT ADDED ENTRY--TOPICAL TERM |
| Topical Term |
Agroforestry |
| 650 #0 - SUBJECT ADDED ENTRY--TOPICAL TERM |
| Topical Term |
Land tenure |
| 650 #0 - SUBJECT ADDED ENTRY--TOPICAL TERM |
| Topical Term |
Agricultural development projects |
| 700 1# - ADDED ENTRY--PERSONAL NAME |
| Personal name |
Raintree, J. B |
| 710 2# - ADDED ENTRY--CORPORATE NAME |
| Corporate name or jurisdiction name as entry element |
Ford Foundation |
| 710 2# - ADDED ENTRY--CORPORATE NAME |
| Corporate name or jurisdiction name as entry element |
International Council for Research in Agroforestry |
| 710 2# - ADDED ENTRY--CORPORATE NAME |
| Corporate name or jurisdiction name as entry element |
University of Wisconsin--Madison. |
| 942 ## - ADDED ENTRY ELEMENTS (KOHA) |
| Koha item type |
សៀវភៅភាសាអង់គ្លេស |
| 952 ## - LOCATION AND ITEM INFORMATION (KOHA) |
| Withdrawn status [LOCAL, KOHA] |
0 |